<?xml version="1.0" encoding="UTF-8"?>
<record
    xmlns:xsi="http://www.w3.org/2001/XMLSchema-instance"
    xsi:schemaLocation="http://www.loc.gov/MARC21/slim http://www.loc.gov/standards/marcxml/schema/MARC21slim.xsd"
    xmlns="http://www.loc.gov/MARC21/slim">

  <leader>03185nam a2200289 a 4500</leader>
  <controlfield tag="001"> </controlfield>
  <controlfield tag="003">DO-SdBNP</controlfield>
  <controlfield tag="005">20260603071649.0</controlfield>
  <controlfield tag="008">190403s2015    dr ac         001 0 spa d</controlfield>
  <datafield tag="020" ind1=" " ind2=" ">
    <subfield code="a">9789945008548</subfield>
  </datafield>
  <datafield tag="040" ind1=" " ind2=" ">
    <subfield code="a">DO-SdBNP</subfield>
    <subfield code="b">spa</subfield>
    <subfield code="c">BPMSU </subfield>
  </datafield>
  <datafield tag="082" ind1=" " ind2=" ">
    <subfield code="a">972.93054</subfield>
    <subfield code="b">B171c 2014</subfield>
    <subfield code="2">22</subfield>
  </datafield>
  <datafield tag="245" ind1="0" ind2="0">
    <subfield code="a">Joaqu&#xED;n Balaguer :</subfield>
    <subfield code="b">cartas, entrevistas, conferencias, discursos y art&#xED;culos de  opini&#xF3;n (1961-1965) /</subfield>
    <subfield code="c">estudios, compilaci&#xF3;n y notas de C&#xE1;ndido Ger&#xF3;n.</subfield>
  </datafield>
  <datafield tag="260" ind1=" " ind2=" ">
    <subfield code="a">Santo Domingo :</subfield>
    <subfield code="b">Centenario,</subfield>
    <subfield code="c">2014</subfield>
  </datafield>
  <datafield tag="300" ind1=" " ind2=" ">
    <subfield code="a">381 p. :</subfield>
    <subfield code="b">ils., retrs. ;</subfield>
    <subfield code="c">25 cm.</subfield>
  </datafield>
  <datafield tag="500" ind1=" " ind2=" ">
    <subfield code="a">Incluye &#xED;ndice onom&#xE1;stico</subfield>
  </datafield>
  <datafield tag="500" ind1=" " ind2=" ">
    <subfield code="a">Incluye datos biogr&#xE1;ficos del compilador en las solapas</subfield>
  </datafield>
  <datafield tag="505" ind1="0" ind2=" ">
    <subfield code="a">El legado de Duarte --
Discurso del presidente Balaguer en Congreso --
Partido Reformista, la oligarqu&#xED;a y la divisas --
Mensaje a la juventud --
El ex presidente enjuicia pol&#xED;tica de su pa&#xED;s Joaqu&#xED;n Balaguer y el futuro de la Rep&#xFA;blica Dominicana --
Saldo negativo --
Basta ya de odio --
La deuda p&#xFA;blica --
La teor&#xED;a de Keynes y la econom&#xED;a dominicana --
El costo de la vida --
El clima electoral --
Solo por los voto --
Ni gobiernos inconstitucionales ni gobierno provisionales --
Los ricos y las reformas sociales --
Los neo trujillistas --
Depuraci&#xF3;n de las fuerzas Armadas no; depuraci&#xF3;n de toda la adminitraci&#xF3;n p&#xFA;blica, s&#xED; --
Mensaje de Balaguer en convenci&#xF3;n del Partido Reformita --
El c&#xE1;ncer dominicano --
Dos opiniones contraditorias sobre el pueblo dominicano --
Cantinflismo pol&#xED;tico --
El otro Donald Read --
La tesis electoral de la oligarqu&#xED;a --
Cartas al Listin doctor Joaqu&#xED;n Balaguer relata acontecimientos --.
El ex presidente enjuicia pol&#xED;tica de su pa&#xED;s Joaqu&#xED;n Balaguer y el futuro de la Rep&#xFA;blica Dominicana --
El presupuesto de 1964 --
El destino de las empresas estatales --
Ejemplo edificante --
El ejemplo de Honduras --
El tonel de las Danaides --
El triunvirato y el desastre financiero --
Elecciones y tregua pol&#xED;tica --
El ejemplo del Viet Nam --
Inflaci&#xF3;n y fuga de divisas --
Las amnist&#xED;a y la rescontrucci&#xF3;n nacional --
Las crisis de los derechos humanos en la Rep&#xFA;blica Dominicana --
Un gobierno en interdicci&#xF3;n --
Los responsables del desastre --
Un embajador en mangas de camisa --
La historia y los malos ejemplos --
La lucha de clases y la educaci&#xF3;n popular --
Discurso de Balaguer al Partido Reformista --
La experiencia de 25 de septiembre --
Un paso constructivo --
   	 	 	 	 	t	 	La visita del Santo Padre --.
La par&#xE1;lisis del progreso --
El mensaje del a&#xF1;o --
En torno a unas declaraciones del Triunviro C&#xE1;ceres Troncoso --
La sombra de Pilatos --
El destino de las empresas confiscadas --
La pol&#xED;tica impositiva del Triunvirato --
Dos tipos de demagogia.</subfield>
  </datafield>
  <datafield tag="590" ind1=" " ind2=" ">
    <subfield code="a">Inventariado, 2022/VM</subfield>
  </datafield>
  <datafield tag="600" ind1="1" ind2="7">
    <subfield code="a">Balaguer, Joaqu&#xED;n, </subfield>
    <subfield code="d">1906-2002</subfield>
    <subfield code="x">Correspondencias, memorias, etc.</subfield>
  </datafield>
  <datafield tag="650" ind1=" " ind2="7">
    <subfield code="a">Presidentes</subfield>
    <subfield code="z">Rep&#xFA;blica Dominicana</subfield>
    <subfield code="v">Correspondencias</subfield>
  </datafield>
  <datafield tag="651" ind1=" " ind2="7">
    <subfield code="a">Rep&#xFA;blica Dominicana</subfield>
    <subfield code="x">Historia.</subfield>
  </datafield>
  <datafield tag="651" ind1=" " ind2="7">
    <subfield code="a">Rep&#xFA;blica Dominicana</subfield>
    <subfield code="x">Pol&#xED;tica y gobierno</subfield>
    <subfield code="y">Siglo XX</subfield>
  </datafield>
  <datafield tag="700" ind1="1" ind2=" ">
    <subfield code="a">Ger&#xF3;n, Candido,</subfield>
    <subfield code="d">1950-</subfield>
    <subfield code="e">compilador</subfield>
  </datafield>
  <datafield tag="910" ind1=" " ind2=" ">
    <subfield code="a">VMateo V.</subfield>
  </datafield>
  <datafield tag="942" ind1=" " ind2=" ">
    <subfield code="2">ddc</subfield>
    <subfield code="c">BK</subfield>
  </datafield>
  <datafield tag="952" ind1=" " ind2=" ">
    <subfield code="0">0</subfield>
    <subfield code="1">0</subfield>
    <subfield code="2">ddc</subfield>
    <subfield code="4">0</subfield>
    <subfield code="7">0</subfield>
    <subfield code="8">CD</subfield>
    <subfield code="a">BPMET</subfield>
    <subfield code="b">BPMET</subfield>
    <subfield code="d">2022-01-11</subfield>
    <subfield code="e">Fundaci&#xF3;n Joaqu&#xED;n Balaguer </subfield>
    <subfield code="l">0</subfield>
    <subfield code="o">BPMSU CD 972.93054 B171c 2014</subfield>
    <subfield code="p">BPMSU22010002</subfield>
    <subfield code="r">2022-01-11</subfield>
    <subfield code="w">2022-01-11</subfield>
    <subfield code="y">BK</subfield>
  </datafield>
  <datafield tag="952" ind1=" " ind2=" ">
    <subfield code="0">0</subfield>
    <subfield code="1">0</subfield>
    <subfield code="2">ddc</subfield>
    <subfield code="4">0</subfield>
    <subfield code="7">0</subfield>
    <subfield code="8">CD</subfield>
    <subfield code="a">BPMET</subfield>
    <subfield code="b">BPMET</subfield>
    <subfield code="d">2022-01-11</subfield>
    <subfield code="e">Fundaci&#xF3;n Joaqu&#xED;n Balaguer </subfield>
    <subfield code="l">0</subfield>
    <subfield code="o">BPMSU CD 972.93054 B171c 2014</subfield>
    <subfield code="p">BPMSU22010003</subfield>
    <subfield code="r">2022-01-11</subfield>
    <subfield code="t">e.2</subfield>
    <subfield code="w">2022-01-11</subfield>
    <subfield code="y">BK</subfield>
  </datafield>
  <datafield tag="952" ind1=" " ind2=" ">
    <subfield code="0">0</subfield>
    <subfield code="1">0</subfield>
    <subfield code="2">ddc</subfield>
    <subfield code="4">0</subfield>
    <subfield code="7">0</subfield>
    <subfield code="8">CD</subfield>
    <subfield code="a">BPMET</subfield>
    <subfield code="b">BPMET</subfield>
    <subfield code="d">2022-01-11</subfield>
    <subfield code="e">Fundaci&#xF3;n Joaqu&#xED;n Balaguer </subfield>
    <subfield code="l">0</subfield>
    <subfield code="o">BPMSU CD 972.93054 B171c  2014</subfield>
    <subfield code="p">BPMSU26060652</subfield>
    <subfield code="r">2026-06-03</subfield>
    <subfield code="t">e.3</subfield>
    <subfield code="w">2022-01-11</subfield>
    <subfield code="y">BK</subfield>
  </datafield>
  <datafield tag="999" ind1=" " ind2=" ">
    <subfield code="c">13933</subfield>
    <subfield code="d">13933</subfield>
  </datafield>
</record>
